00427 2200181 4500001002100000005001500021008004100036035001900077041000700096082000800103090001400111100002300125245003600148260002000184300002500204500000600229650001000235INLIS00000000000674920241224113337241224||||||||| | ||| |||| || |  0010-1224006749 aen0 a811 a811 SON l0 aSONI FARID MAULANA00aLagu Dalam Hujan: Puisi Pilihan bRekamediac1996 aiv, 40 hlm.; 20,5 cm a1 0aPuisi